Planowanie potrzeb materialowych nowy styl sterowania produkcja i zapasami
Guardado en:
| Autor principal: | |
|---|---|
| Formato: | Libro |
| Lenguaje: | polaco |
| Publicado: |
Warszawa
Wydawn. Ekon.
1981
|
| Etiquetas: |
Sin Etiquetas, Sea el primero en etiquetar este registro!
|
MARC
| LEADER | 00000nam a2200000 4500 | ||
|---|---|---|---|
| 001 | c137854 | ||
| 005 | 20231103121839.1 | ||
| 041 | 0 | |a pol | |
| 044 | |a PL | ||
| 245 | 1 | 0 | |a Planowanie potrzeb materialowych |b nowy styl sterowania produkcja i zapasami |c Joseph Orlicky |
| 264 | 1 | |a Warszawa |b Wydawn. Ekon. |c 1981 | |
| 300 | |a 438 s. | ||
| 100 | 1 | |a Orlicky, Joseph | |